[Event "Blitz 2018"]
[Site "Saint-Petersburg"]
[Date "2018.12.29"]
[Round "10"]
[Board "55"]
[White "Rakhmanov Aleksandr (RUS)"]
[Black "Tang Andrew (USA)"]
[Result "1/2-1/2"]
[LiveChessVersion "1.4.8"]
[BlackElo "2501"]
[WhiteElo "2615"]

1. c4 {[%clk 0:03:03]} e6 {[%clk 0:03:03]} 2. e4 {[%clk 0:03:04]} d5
{[%clk 0:03:03]} 3. exd5 {[%clk 0:03:05]} exd5 {[%clk 0:03:04]} 4. d4
{[%clk 0:03:06]} Nf6 {[%clk 0:03:03]} 5. Nc3 {[%clk 0:03:07]} Be7
{[%clk 0:03:04]} 6. Bd3 {[%clk 0:03:08]} dxc4 {[%clk 0:03:01]} 7. Bxc4
{[%clk 0:03:06]} O-O {[%clk 0:02:59]} 8. Nge2 {[%clk 0:03:09]} c6
{[%clk 0:02:58]} 9. O-O {[%clk 0:03:09]} Nbd7 {[%clk 0:02:57]} 10. Bb3
{[%clk 0:03:10]} Nb6 {[%clk 0:02:57]} 11. Re1 {[%clk 0:03:11]} Bf5
{[%clk 0:02:57]} 12. Ng3 {[%clk 0:03:11]} Bg6 {[%clk 0:02:58]} 13. h4
{[%clk 0:03:10]} h6 {[%clk 0:02:59]} 14. h5 {[%clk 0:03:11]} Bh7 {[%clk 0:03:00]}
15. Nge4 {[%clk 0:03:11]} Re8 {[%clk 0:02:46]} 16. a3 {[%clk 0:02:34]} Qc7
{[%clk 0:02:28]} 17. Qf3 {[%clk 0:02:20]} Nbd5 {[%clk 0:01:58]} 18. Bd2
{[%clk 0:02:08]} Nxe4 {[%clk 0:01:43]} 19. Nxe4 {[%clk 0:02:06]} Rad8
{[%clk 0:01:44]} 20. Rad1 {[%clk 0:01:57]} Bf8 {[%clk 0:01:23]} 21. Nc3
{[%clk 0:01:50]} Nxc3 {[%clk 0:00:37]} 22. Bxc3 {[%clk 0:01:50]} Rxe1+
{[%clk 0:00:36]} 23. Rxe1 {[%clk 0:01:51]} Qd7 {[%clk 0:00:37]} 24. Ba5
{[%clk 0:00:44]} Re8 {[%clk 0:00:27]} 25. Re3 {[%clk 0:00:18]} Rxe3
{[%clk 0:00:23]} 26. fxe3 {[%clk 0:00:19]} Bf5 {[%clk 0:00:23]} 27. Bc3
{[%clk 0:00:14]} Be6 {[%clk 0:00:21]} 28. Bc2 {[%clk 0:00:09]} Bd5
{[%clk 0:00:14]} 29. Qf5 {[%clk 0:00:08]} Qxf5 {[%clk 0:00:10]} 30. Bxf5
{[%clk 0:00:09]} Be6 {[%clk 0:00:10]} 31. g4 {[%clk 0:00:10]} Be7
{[%clk 0:00:10]} 32. e4 {[%clk 0:00:09]} Kf8 {[%clk 0:00:10]} 33. Kf2
{[%clk 0:00:10]} Bg5 {[%clk 0:00:11]} 34. Ke2 {[%clk 0:00:10]} Ke8
{[%clk 0:00:11]} 35. Kd3 {[%clk 0:00:09]} a6 {[%clk 0:00:08]} 36. a4
{[%clk 0:00:09]} b5 {[%clk 0:00:09]} 37. a5 {[%clk 0:00:08]} Bc4+
{[%clk 0:00:07]} 38. Kc2 {[%clk 0:00:09]} Be6 {[%clk 0:00:08]} 39. b3
{[%clk 0:00:06]} Ke7 {[%clk 0:00:09]} 40. Bb4+ {[%clk 0:00:07]} Kd7
{[%clk 0:00:10]} 41. Bf8 {[%clk 0:00:07]} Ke8 {[%clk 0:00:04]} 42. Bd6
{[%clk 0:00:04]} Kd7 {[%clk 0:00:05]} 43. Bf8 {[%clk 0:00:05]} Ke8
{[%clk 0:00:06]} 44. Bc5 {[%clk 0:00:06]} Bd8 {[%clk 0:00:06]} 45. b4
{[%clk 0:00:07]} Bf6 {[%clk 0:00:07]} 46. Kd3 {[%clk 0:00:08]} Bc4+
{[%clk 0:00:08]} 47. Ke3 {[%clk 0:00:10]} Be6 {[%clk 0:00:08]} 48. Kf3
{[%clk 0:00:09]} Bg5 {[%clk 0:00:09]} 49. Bd6 {[%clk 0:00:07]} Bd2
{[%clk 0:00:09]} 50. Ke2 {[%clk 0:00:08]} Bg5 {[%clk 0:00:09]} 51. Be5
{[%clk 0:00:09]} Kf8 52. Kd3 {[%clk 0:00:07]} Bh4 {[%clk 0:00:06]} 53. Bd6+
{[%clk 0:00:06]} Ke8 {[%clk 0:00:08]} 54. Bc5 {[%clk 0:00:05]} Bg3
{[%clk 0:00:05]} 55. Ke3 {[%clk 0:00:06]} Be1 {[%clk 0:00:06]} 56. Kf3
{[%clk 0:00:07]} Bd2 {[%clk 0:00:05]} 57. Ke2 {[%clk 0:00:08]} Bg5
{[%clk 0:00:06]} 58. Kf2 {[%clk 0:00:09]} Kd7 {[%clk 0:00:03]} 59. Kf3
{[%clk 0:00:09]} Ke8 {[%clk 0:00:03]} 60. Bd6 {[%clk 0:00:10]} Bf6
{[%clk 0:00:04]} 61. e5 {[%clk 0:00:10]} Bg5 {[%clk 0:00:05]} 62. Bc5
{[%clk 0:00:10]} Bd5+ {[%clk 0:00:07]} 63. Kg3 {[%clk 0:00:11]} Be6
{[%clk 0:00:07]} 64. Be4 {[%clk 0:00:12]} Bd5 {[%clk 0:00:08]} 65. Bd3
{[%clk 0:00:13]} Bd2 {[%clk 0:00:08]} 66. Bf5 {[%clk 0:00:12]} Be6
{[%clk 0:00:10]} 67. Kf3 {[%clk 0:00:10]} Be1 {[%clk 0:00:10]} 68. Ke2
{[%clk 0:00:11]} Bc3 {[%clk 0:00:11]} 69. Kd3 {[%clk 0:00:12]} Be1
{[%clk 0:00:12]} 70. Ke4 {[%clk 0:00:13]} Bd2 {[%clk 0:00:11]} 71. Bd6
{[%clk 0:00:08]} Be1 {[%clk 0:00:11]} 72. Kd3 {[%clk 0:00:09]} Bh4
{[%clk 0:00:10]} 73. Ke2 {[%clk 0:00:10]} Bg5 {[%clk 0:00:10]} 74. Kf3
{[%clk 0:00:06]} Bc1 {[%clk 0:00:09]} 75. Bc5 {[%clk 0:00:07]} Bb2
{[%clk 0:00:09]} 76. Kg3 {[%clk 0:00:05]} Bc1 {[%clk 0:00:09]} 77. Kh3
{[%clk 0:00:06]} Be3 {[%clk 0:00:09]} 78. Be4 {[%clk 0:00:06]} Bd5
{[%clk 0:00:10]} 79. Bf5 {[%clk 0:00:06]} Be6 {[%clk 0:00:11]} 80. Kg3
{[%clk 0:00:07]} Bg5 {[%clk 0:00:12]} 81. Kf3 {[%clk 0:00:08]} Bh4
{[%clk 0:00:12]} 82. Ke4 {[%clk 0:00:08]} Bg5 {[%clk 0:00:10]} 1/2-1/2

[Event "Blitz 2018"]
[Site "Saint-Petersburg"]
[Date "2018.12.29"]
[Round "10"]
[Board "56"]
[White "Zhigalko Andrey (BLR)"]
[Black "Mchedlishvili Mikheil (GEO)"]
[Result "1-0"]
[LiveChessVersion "1.4.8"]
[BlackElo "2607"]
[WhiteElo "2493"]

1. e4 {[%clk 0:03:03]} c6 {[%clk 0:03:02]} 2. d4 {[%clk 0:03:05]} d5
{[%clk 0:03:03]} 3. exd5 {[%clk 0:03:06]} cxd5 {[%clk 0:03:04]} 4. c4
{[%clk 0:03:08]} Nf6 5. Nc3 e6 {[%clk 0:03:04]} 6. c5 {[%clk 0:03:10]} Be7
{[%clk 0:02:59]} 7. Nf3 {[%clk 0:03:11]} O-O {[%clk 0:02:55]} 8. Bf4
{[%clk 0:03:12]} Nc6 {[%clk 0:02:45]} 9. Bb5 {[%clk 0:03:13]} Bd7
{[%clk 0:02:37]} 10. O-O {[%clk 0:03:11]} Ne4 {[%clk 0:02:33]} 11. Rc1
{[%clk 0:02:52]} a6 {[%clk 0:02:24]} 12. Bxc6 {[%clk 0:02:52]} Bxc6
{[%clk 0:02:16]} 13. Ne5 {[%clk 0:02:30]} Be8 {[%clk 0:02:09]} 14. Re1
{[%clk 0:02:03]} Nxc3 {[%clk 0:01:59]} 15. Rxc3 {[%clk 0:02:03]} f6
{[%clk 0:01:57]} 16. Nd3 {[%clk 0:00:57]} Bf7 {[%clk 0:01:44]} 17. h3
{[%clk 0:00:48]} Qd7 {[%clk 0:01:42]} 18. Rb3 {[%clk 0:00:24]} Rfe8
{[%clk 0:01:36]} 19. Bg3 {[%clk 0:00:15]} Rac8 {[%clk 0:01:18]} 20. Rb6
{[%clk 0:00:13]} Rc6 {[%clk 0:01:20]} 21. Qb3 {[%clk 0:00:11]} Rxb6
{[%clk 0:01:18]} 22. Qxb6 {[%clk 0:00:12]} Rc8 {[%clk 0:01:05]} 23. b3
{[%clk 0:00:08]} Rc6 {[%clk 0:00:46]} 24. Qb4 {[%clk 0:00:08]} g5
{[%clk 0:00:40]} 25. Qd2 {[%clk 0:00:08]} Bg6 {[%clk 0:00:39]} 26. h4
{[%clk 0:00:08]} h6 {[%clk 0:00:40]} 27. hxg5 {[%clk 0:00:08]} hxg5
{[%clk 0:00:41]} 28. f3 {[%clk 0:00:06]} Kf7 {[%clk 0:00:42]} 29. Nf2
{[%clk 0:00:06]} Rc8 {[%clk 0:00:42]} 30. Ng4 {[%clk 0:00:05]} Rh8
{[%clk 0:00:42]} 31. b4 {[%clk 0:00:05]} Bf5 {[%clk 0:00:41]} 32. Qc3
{[%clk 0:00:04]} Qa4 {[%clk 0:00:31]} 33. Qb3 {[%clk 0:00:04]} Qxb3 34. axb3
{[%clk 0:00:05]} Bd3 {[%clk 0:00:30]} 35. Kf2 {[%clk 0:00:05]} Bb5
{[%clk 0:00:23]} 36. Bc7 {[%clk 0:00:05]} Bd7 {[%clk 0:00:23]} 37. Bb6
{[%clk 0:00:05]} Rh7 {[%clk 0:00:10]} 38. Bc7 {[%clk 0:00:06]} Bf8
{[%clk 0:00:11]} 39. Bb8 {[%clk 0:00:07]} Bg7 {[%clk 0:00:10]} 40. Bd6
{[%clk 0:00:07]} Rh8 {[%clk 0:00:11]} 41. Ra1 {[%clk 0:00:05]} Bb5
{[%clk 0:00:12]} 42. Re1 {[%clk 0:00:06]} Ra8 {[%clk 0:00:10]} 43. Rh1
{[%clk 0:00:05]} a5 {[%clk 0:00:09]} 44. Ra1 {[%clk 0:00:06]} a4 {[%clk 0:00:11]}
45. bxa4 {[%clk 0:00:05]} Rxa4 {[%clk 0:00:12]} 46. Rxa4 {[%clk 0:00:06]} Bxa4
{[%clk 0:00:13]} 47. Ke3 {[%clk 0:00:06]} Bb5 {[%clk 0:00:14]} 48. Nf2
{[%clk 0:00:06]} e5 {[%clk 0:00:14]} 49. g4 {[%clk 0:00:06]} Ke6 {[%clk 0:00:13]}
50. Nd3 {[%clk 0:00:04]} exd4+ {[%clk 0:00:14]} 51. Kxd4 {[%clk 0:00:05]} f5+
{[%clk 0:00:06]} 52. Be5 {[%clk 0:00:05]} Bf8 {[%clk 0:00:05]} 1-0

[Event "Blitz 2018"]
[Site "Saint-Petersburg"]
[Date "2018.12.29"]
[Round "10"]
[Board "57"]
[White "Antipov Mikhail Al. (RUS)"]
[Black "Zablotsky Sergei (RUS)"]
[Result "1-0"]
[LiveChessVersion "1.4.8"]
[BlackElo "2459"]
[WhiteElo "2604"]

1. e4 {[%clk 0:02:41]} d6 {[%clk 0:03:03]} 2. d4 {[%clk 0:02:39]} Nf6
{[%clk 0:03:03]} 3. Nc3 {[%clk 0:02:40]} e5 {[%clk 0:03:03]} 4. Nf3
{[%clk 0:02:40]} Nbd7 {[%clk 0:03:04]} 5. Rg1 {[%clk 0:02:40]} g6
{[%clk 0:03:04]} 6. g4 {[%clk 0:02:41]} Bg7 {[%clk 0:03:04]} 7. g5
{[%clk 0:02:41]} Nh5 {[%clk 0:03:03]} 8. Be3 {[%clk 0:02:42]} O-O
{[%clk 0:03:02]} 9. Qd2 {[%clk 0:02:41]} a6 {[%clk 0:02:40]} 10. O-O-O
{[%clk 0:02:36]} b5 {[%clk 0:02:41]} 11. dxe5 {[%clk 0:02:19]} dxe5
{[%clk 0:02:41]} 12. Bh3 {[%clk 0:02:14]} b4 {[%clk 0:01:54]} 13. Ne2
{[%clk 0:02:11]} f5 {[%clk 0:01:32]} 14. Qd5+ {[%clk 0:02:09]} Kh8
{[%clk 0:01:33]} 15. Qxa8 {[%clk 0:02:09]} Qe7 {[%clk 0:01:25]} 16. Qc6
{[%clk 0:01:55]} f4 {[%clk 0:01:13]} 17. Ba7 {[%clk 0:01:50]} 1-0

[Event "Blitz 2018"]
[Site "Saint-Petersburg"]
[Date "2018.12.29"]
[Round "10"]
[Board "58"]
[White "Sychev Klementy (RUS)"]
[Black "Hakobyan Aram (ARM)"]
[Result "1/2-1/2"]
[LiveChessVersion "1.4.8"]
[BlackElo "2451"]
[WhiteElo "2594"]

1. e4 {[%clk 0:03:04]} c6 {[%clk 0:03:03]} 2. d4 {[%clk 0:03:04]} d5
{[%clk 0:03:04]} 3. Nd2 {[%clk 0:03:06]} dxe4 {[%clk 0:03:05]} 4. Nxe4
{[%clk 0:03:07]} Nf6 {[%clk 0:03:06]} 5. Nxf6+ {[%clk 0:03:06]} exf6
{[%clk 0:03:07]} 6. c3 {[%clk 0:03:07]} Bf5 {[%clk 0:03:08]} 7. Bd3
{[%clk 0:03:00]} Bxd3 {[%clk 0:03:07]} 8. Qxd3 {[%clk 0:03:01]} Bd6
{[%clk 0:03:08]} 9. Qe2+ {[%clk 0:03:02]} Qe7 {[%clk 0:03:09]} 10. Nf3
{[%clk 0:02:51]} Qxe2+ {[%clk 0:03:09]} 11. Kxe2 {[%clk 0:02:52]} O-O
{[%clk 0:03:10]} 12. Re1 {[%clk 0:02:53]} Nd7 {[%clk 0:03:11]} 13. Kf1
{[%clk 0:02:52]} b5 {[%clk 0:03:07]} 14. Bd2 {[%clk 0:02:37]} Nb6
{[%clk 0:03:08]} 15. b3 {[%clk 0:02:38]} a5 {[%clk 0:03:07]} 16. Rec1
{[%clk 0:02:09]} a4 {[%clk 0:03:00]} 17. Ne1 {[%clk 0:02:10]} Ra7
{[%clk 0:02:48]} 18. Nd3 {[%clk 0:01:55]} Rfa8 {[%clk 0:02:48]} 19. Rab1
{[%clk 0:01:56]} axb3 {[%clk 0:02:48]} 20. axb3 {[%clk 0:01:57]} Ra2
{[%clk 0:02:48]} 21. Bf4 {[%clk 0:01:54]} Bxf4 {[%clk 0:02:40]} 22. Nxf4
{[%clk 0:01:54]} g6 {[%clk 0:02:33]} 23. Nd3 {[%clk 0:01:52]} Rd2
{[%clk 0:02:16]} 24. Rd1 {[%clk 0:01:27]} Rxd1+ {[%clk 0:01:50]} 25. Rxd1
{[%clk 0:01:28]} Nd5 {[%clk 0:01:45]} 26. c4 {[%clk 0:01:21]} bxc4
{[%clk 0:01:46]} 27. bxc4 {[%clk 0:01:22]} Nb6 {[%clk 0:01:47]} 28. Nb4
{[%clk 0:01:13]} Nxc4 {[%clk 0:01:37]} 29. Nxc6 {[%clk 0:01:13]} Nd6
{[%clk 0:01:32]} 30. Ke2 {[%clk 0:00:59]} Kg7 {[%clk 0:01:33]} 31. d5
{[%clk 0:00:56]} f5 {[%clk 0:01:33]} 32. Rd2 {[%clk 0:00:52]} Kf6
{[%clk 0:01:33]} 33. Rc2 {[%clk 0:00:52]} Ra4 {[%clk 0:01:28]} 34. Kd3
{[%clk 0:00:48]} h5 {[%clk 0:01:28]} 35. g3 {[%clk 0:00:36]} h4 {[%clk 0:01:29]}
36. Ke3 {[%clk 0:00:27]} g5 {[%clk 0:01:26]} 37. Nd4 {[%clk 0:00:25]} Ra3+
{[%clk 0:01:06]} 38. Ke2 {[%clk 0:00:25]} hxg3 {[%clk 0:01:03]} 39. hxg3
{[%clk 0:00:26]} Ra5 {[%clk 0:01:00]} 40. Rc6 {[%clk 0:00:20]} Rxd5
{[%clk 0:01:00]} 41. Nb5 {[%clk 0:00:21]} Ke5 {[%clk 0:00:58]} 42. f4+
{[%clk 0:00:20]} gxf4 {[%clk 0:00:57]} 43. gxf4+ {[%clk 0:00:21]} Ke6
{[%clk 0:00:49]} 44. Nxd6 {[%clk 0:00:18]} Rxd6 {[%clk 0:00:50]} 45. Rc5
{[%clk 0:00:20]} Rd4 {[%clk 0:00:49]} 46. Ke3 {[%clk 0:00:20]} Re4+
{[%clk 0:00:50]} 47. Kf3 {[%clk 0:00:21]} Ra4 {[%clk 0:00:52]} 48. Rc6+
{[%clk 0:00:21]} Kd5 {[%clk 0:00:51]} 49. Rf6 {[%clk 0:00:21]} Ra3+
{[%clk 0:00:52]} 50. Kf2 {[%clk 0:00:21]} Ke4 {[%clk 0:00:53]} 51. Rxf7
{[%clk 0:00:22]} Kxf4 {[%clk 0:00:47]} 52. Rb7 {[%clk 0:00:23]} Ra2+
{[%clk 0:00:47]} 53. Kf1 {[%clk 0:00:24]} Kg4 {[%clk 0:00:47]} 54. Rb3
{[%clk 0:00:23]} f4 {[%clk 0:00:48]} 55. Rc3 {[%clk 0:00:24]} Rb2
{[%clk 0:00:49]} 56. Rd3 {[%clk 0:00:25]} Rc2 {[%clk 0:00:50]} 57. Rb3
{[%clk 0:00:26]} Rd2 {[%clk 0:00:51]} 58. Rc3 {[%clk 0:00:28]} Rd4
{[%clk 0:00:52]} 59. Kf2 {[%clk 0:00:26]} Kf5 {[%clk 0:00:52]} 60. Kf3
{[%clk 0:00:26]} Rb4 {[%clk 0:00:51]} 61. Rc5+ {[%clk 0:00:27]} Ke6 62. Ra5 Kd6
{[%clk 0:00:52]} 63. Rf5 {[%clk 0:00:29]} Rd4 {[%clk 0:00:52]} 64. Rxf4
{[%clk 0:00:30]} Rxf4+ {[%clk 0:00:53]} 65. Kxf4 {[%clk 0:00:31]} Ke5+
{[%clk 0:00:50]} 66. Ke4+ 1/2-1/2

[Event "Blitz 2018"]
[Site "Saint-Petersburg"]
[Date "2018.12.29"]
[Round "10"]
[Board "59"]
[White "Kabanov Nikolai (RUS)"]
[Black "Gordievsky Dmitry (RUS)"]
[Result "0-1"]
[LiveChessVersion "1.4.8"]
[BlackElo "2591"]
[WhiteElo "2311"]

1. e4 {[%clk 0:03:03]} c5 {[%clk 0:03:04]} 2. Nf3 {[%clk 0:03:03]} e6
{[%clk 0:03:05]} 3. d4 {[%clk 0:02:54]} cxd4 {[%clk 0:03:06]} 4. Nxd4
{[%clk 0:02:55]} a6 {[%clk 0:03:07]} 5. Be2 {[%clk 0:02:52]} Qc7 {[%clk 0:03:02]}
6. O-O {[%clk 0:02:51]} Nf6 {[%clk 0:02:57]} 7. Re1 {[%clk 0:02:51]} d6
{[%clk 0:02:43]} 8. Bf3 {[%clk 0:02:38]} Nbd7 {[%clk 0:02:42]} 9. a4
{[%clk 0:02:24]} Be7 {[%clk 0:02:39]} 10. a5 {[%clk 0:02:23]} Ne5
{[%clk 0:02:38]} 11. Be3 {[%clk 0:02:14]} O-O {[%clk 0:02:35]} 12. Nb3
{[%clk 0:02:06]} Nxf3+ {[%clk 0:02:09]} 13. gxf3 {[%clk 0:02:07]} d5
{[%clk 0:02:02]} 14. Nc3 {[%clk 0:01:56]} dxe4 {[%clk 0:01:57]} 15. fxe4
{[%clk 0:01:55]} Bd7 {[%clk 0:01:53]} 16. Qf3 {[%clk 0:01:46]} Bc6
{[%clk 0:01:49]} 17. Bf4 {[%clk 0:01:41]} e5 {[%clk 0:01:35]} 18. Bg5
{[%clk 0:01:40]} Ne8 {[%clk 0:01:35]} 19. Bxe7 {[%clk 0:01:35]} Qxe7
{[%clk 0:01:36]} 20. Nd5 {[%clk 0:01:33]} Bxd5 {[%clk 0:01:34]} 21. exd5
{[%clk 0:01:34]} Nd6 {[%clk 0:01:35]} 22. Kh1 {[%clk 0:01:25]} Rac8
{[%clk 0:01:36]} 23. c3 {[%clk 0:01:25]} Rfe8 {[%clk 0:01:13]} 24. Ra4
{[%clk 0:01:20]} Qd7 {[%clk 0:01:00]} 25. Rb4 {[%clk 0:01:12]} f5
{[%clk 0:00:52]} 26. Qg3 {[%clk 0:01:05]} Ne4 {[%clk 0:00:50]} 27. Qg2
{[%clk 0:01:04]} Qxd5 {[%clk 0:00:47]} 28. f3 {[%clk 0:00:57]} Nf6
{[%clk 0:00:43]} 29. Rb6 {[%clk 0:00:54]} Re6 {[%clk 0:00:39]} 30. Rxe6
{[%clk 0:00:46]} Qxe6 {[%clk 0:00:40]} 31. Nd4 {[%clk 0:00:46]} Qd5
{[%clk 0:00:23]} 32. Nxf5 {[%clk 0:00:46]} Rc7 {[%clk 0:00:23]} 33. Rg1
{[%clk 0:00:40]} Nh5 {[%clk 0:00:14]} 34. Qg4 {[%clk 0:00:38]} Nf6
{[%clk 0:00:08]} 35. Qxg7+ {[%clk 0:00:32]} Rxg7 {[%clk 0:00:07]} 36. Ne7+
{[%clk 0:00:33]} Kf7 {[%clk 0:00:06]} 37. Nxd5 {[%clk 0:00:32]} Rxg1+
{[%clk 0:00:07]} 0-1

[Event "Blitz 2018"]
[Site "Saint-Petersburg"]
[Date "2018.12.29"]
[Round "10"]
[Board "60"]
[White "Usmanov Vasily (RUS)"]
[Black "Pantsulaia Levan (GEO)"]
[Result "1/2-1/2"]
[LiveChessVersion "1.4.8"]
[BlackElo "2584"]
[WhiteElo "2459"]

1. Nf3 {[%clk 0:03:03]} c5 {[%clk 0:03:03]} 2. c3 {[%clk 0:03:04]} Nf6
{[%clk 0:03:03]} 3. d4 {[%clk 0:03:06]} Qc7 {[%clk 0:03:03]} 4. g3
{[%clk 0:03:05]} b6 {[%clk 0:03:04]} 5. Bf4 {[%clk 0:03:05]} d6 {[%clk 0:03:04]}
6. Bg2 {[%clk 0:03:02]} Bb7 {[%clk 0:03:05]} 7. O-O {[%clk 0:03:02]} g6
{[%clk 0:03:06]} 8. Qc1 {[%clk 0:03:03]} Bg7 {[%clk 0:03:03]} 9. Bh6
{[%clk 0:03:03]} O-O {[%clk 0:03:03]} 10. Bxg7 {[%clk 0:03:02]} Kxg7
{[%clk 0:03:04]} 11. a4 {[%clk 0:03:01]} Nbd7 {[%clk 0:03:05]} 12. Na3
{[%clk 0:03:02]} Bc6 {[%clk 0:03:01]} 13. Nb5 {[%clk 0:02:59]} Qb7
{[%clk 0:03:01]} 14. Ne1 {[%clk 0:02:38]} a6 {[%clk 0:02:58]} 15. Na3
{[%clk 0:02:35]} Bxg2 {[%clk 0:02:56]} 16. Nxg2 {[%clk 0:02:36]} b5
{[%clk 0:02:54]} 17. axb5 {[%clk 0:02:28]} axb5 {[%clk 0:02:55]} 18. Qe3
{[%clk 0:02:22]} b4 {[%clk 0:02:29]} 19. Nc4 {[%clk 0:02:23]} Qb5
{[%clk 0:02:27]} 20. Qd3 {[%clk 0:02:09]} Rfb8 {[%clk 0:02:23]} 21. Nge3
{[%clk 0:02:04]} d5 {[%clk 0:02:19]} 22. Rxa8 {[%clk 0:01:59]} Rxa8
{[%clk 0:02:20]} 23. Ne5 {[%clk 0:01:55]} c4 {[%clk 0:02:20]} 24. Qb1
{[%clk 0:01:45]} Nxe5 {[%clk 0:02:17]} 25. dxe5 {[%clk 0:01:45]} Nd7
{[%clk 0:02:18]} 26. Qd1 {[%clk 0:01:34]} e6 {[%clk 0:02:15]} 27. Qd4
{[%clk 0:01:32]} Ra2 {[%clk 0:02:01]} 28. Rb1 {[%clk 0:01:19]} bxc3
{[%clk 0:01:43]} 29. Qxc3 {[%clk 0:01:18]} Qb8 {[%clk 0:01:30]} 30. Ng4
{[%clk 0:00:46]} Qb3 {[%clk 0:01:10]} 31. Qd2 {[%clk 0:00:45]} Qb8
{[%clk 0:00:54]} 32. Qh6+ {[%clk 0:00:44]} Kg8 {[%clk 0:00:55]} 33. Nf6+
{[%clk 0:00:34]} Nxf6 {[%clk 0:00:55]} 34. exf6 {[%clk 0:00:35]} Qf8
{[%clk 0:00:57]} 35. Qf4 {[%clk 0:00:35]} Ra6 {[%clk 0:00:42]} 36. e4
{[%clk 0:00:32]} Rb6 {[%clk 0:00:16]} 37. Rd1 {[%clk 0:00:23]} Rxb2
{[%clk 0:00:16]} 38. exd5 {[%clk 0:00:24]} exd5 {[%clk 0:00:18]} 39. Rxd5
{[%clk 0:00:25]} c3 {[%clk 0:00:13]} 40. Qc7 {[%clk 0:00:25]} c2 {[%clk 0:00:08]}
41. Rd8 {[%clk 0:00:27]} c1=Q+ {[%clk 0:00:06]} 42. Qxc1 {[%clk 0:00:27]} Qxd8
{[%clk 0:00:05]} 43. Qxb2 {[%clk 0:00:28]} Qd1+ {[%clk 0:00:04]} 44. Kg2
{[%clk 0:00:29]} Qd5+ {[%clk 0:00:05]} 45. Kg1 {[%clk 0:00:30]} h5
{[%clk 0:00:06]} 46. Qb8+ {[%clk 0:00:26]} Kh7 {[%clk 0:00:07]} 47. Qf4
{[%clk 0:00:26]} g5 {[%clk 0:00:07]} 48. Qe3 {[%clk 0:00:21]} Kg6
{[%clk 0:00:08]} 49. Qc3 {[%clk 0:00:07]} Qd1+ {[%clk 0:00:06]} 50. Kg2
{[%clk 0:00:08]} Qd5+ {[%clk 0:00:07]} 51. Qf3 {[%clk 0:00:08]} Qxf3+
{[%clk 0:00:07]} 52. Kxf3 {[%clk 0:00:09]} Kxf6 {[%clk 0:00:09]} 53. Ke4
{[%clk 0:00:09]} Ke6 {[%clk 0:00:10]} 54. f4 {[%clk 0:00:09]} f6 {[%clk 0:00:08]}
55. h3 {[%clk 0:00:04]} gxf4 {[%clk 0:00:07]} 56. Kxf4 {[%clk 0:00:05]} Ke7
{[%clk 0:00:07]} 57. Kf5 {[%clk 0:00:06]} Kf7 {[%clk 0:00:08]} 58. h4
{[%clk 0:00:07]} Kg7 {[%clk 0:00:09]} 59. Kf4 {[%clk 0:00:05]} Kg6
{[%clk 0:00:10]} 60. Ke4 {[%clk 0:00:06]} Kf7 {[%clk 0:00:11]} 61. Kf5
{[%clk 0:00:07]} Kg7 {[%clk 0:00:12]} 62. Ke6 {[%clk 0:00:05]} Kg6
{[%clk 0:00:13]} 63. Ke7 {[%clk 0:00:06]} Kg7 {[%clk 0:00:12]} 64. Ke6
{[%clk 0:00:07]} Kg6 {[%clk 0:00:13]} 1/2-1/2